[Event "Pamplona Navarro-ch"]
[Site "Pamplona"]
[Date "2015.04.25"]
[Round "3"]
[White "Juanco Elizari, Felix Javier"]
[Black "Roldan Marques, Daniel"]
[Result "0-1"]
[WhiteElo "1775"]
[BlackElo "2021"]
[PlyCount "72"]
[EventDate "2015.04.11"]
[EventType "swiss"]
[EventRounds "8"]
[EventCountry "ESP"]
[SourceTitle "EXT 2016"]
[Source "ChessBase"]
[SourceDate "2015.10.08"]
[SourceVersion "1"]
[SourceVersionDate "2015.10.08"]
[SourceQuality "1"]

1. d4 d5 2. Nf3 Nf6 3. c4 e6 4. Nc3 c6 5. cxd5 exd5 6. Bg5 Be7 7. e3 0-0 8. Bd3 Nbd7 9. 0-0 Re8 10. Qc2 Nf8 11. Rfe1 Ng6 12. h4 Nh5 13. b4 Bxg5 14. hxg5 Bg4 15. Ne5 Nxe5 16. dxe5 g6 17. f4 Qb6 18. Kh2 Qxb4 19. Rab1 Qe7 20. g3 Ng7 21. e4 d4 22. Ne2 Bxe2 23. Rxe2 Ne6 24. Bc4 Red8 25. Rd2 Rac8 26. Bxe6 fxe6 27. f5 gxf5 28. exf5 exf5 29. Qxf5 Rc7 30. e6 Rf8 31. Qe5 c5 32. Rc1 Rc6 33. Re1 b6 34. Re4 Re8 35. g6 Rxe6 36. gxh7+ Qxh7+ 0-1

[Event "Huarte Puente Foral op 7th"]
[Site "Huarte"]
[Date "2012.12.08"]
[Round "6"]
[White "Juanco Elizari, Felix Javier"]
[Black "Urriza Iricibar, Pablo"]
[Result "0-1"]
[WhiteElo "1820"]
[BlackElo "2049"]
[PlyCount "84"]
[EventDate "2012.12.04"]
[EventType "swiss"]
[EventRounds "7"]
[EventCountry "ESP"]
[SourceTitle "EXT 2016"]
[Source "ChessBase"]
[SourceDate "2015.10.08"]
[SourceVersion "1"]
[SourceVersionDate "2015.10.08"]
[SourceQuality "1"]

1. Nf3 Nf6 2. c4 g6 3. Nc3 c5 4. g3 d6 5. Bg2 Bg7 6. 0-0 Nc6 7. d3 0-0 8. Bd2 e5 9. a3 h6 10. Rb1 a5 11. Ne1 Be6 12. e4 Qd7 13. Nc2 Nh5 14. Bf3 Bh3 15. Re1 Nf6 16. b4 axb4 17. axb4 b6 18. b5 Ne7 19. Ne3 Nh7 20. Ra1 Qb7 21. Ncd5 Ng5 22. Bh1 Nxd5 23. Nxd5 Ne6 24. Bc3 Nc7 25. f4 Nxd5 26. exd5 exf4 27. Bxg7 Kxg7 28. gxf4 Kh7 29. Be4 Qd7 30. Qf3 Bg4 31. Qg3 Rfe8 32. Kg2 Kg7 33. h3 Bf5 34. Qe3 Qd8 35. Qf3 Qh4 36. Qg3 Qf6 37. Rxa8 Rxa8 38. Re2 Ra3 39. Qe3 Bxe4+ 40. Qxe4 Qc3 41. Re3 Qd2+ 42. Kf3 Qh2 0-1

[Event "Euskadi-chTB"]
[Site "Euskadi"]
[Date "2001.01.27"]
[Round "7"]
[White "Juanco Elizari, Felix Javier"]
[Black "Garcia Moreno, Jose Alfredo"]
[Result "0-1"]
[WhiteElo "1899"]
[BlackElo "2042"]
[PlyCount "63"]
[EventDate "2000.11.18"]
[EventType "team"]
[EventRounds "9"]
[EventCountry "ESP"]
[SourceTitle "EXT 2006"]
[Source "ChessBase"]
[SourceDate "2005.11.24"]
[SourceVersion "1"]
[SourceVersionDate "2005.11.24"]
[SourceQuality "1"]

1. d4 c5 2. Nf3 e6 3. g3 d5 4. Bg2 Nf6 5. c4 Nc6 6. Bg5 Be7 7. Nc3 0-0 8. e3 dxc4 9. dxc5 Bxc5 10. Qa4 Bb4 11. 0-0 Qa5 12. Qxa5 Bxa5 13. Rac1 Nd5 14. Nb5 a6 15. Nd6 b5 16. e4 Ndb4 17. e5 Nd5 18. Rfd1 h6 19. Be3 Nxe3 20. fxe3 Rb8 21. b3 c3 22. a3 b4 23. axb4 Bxb4 24. Nc4 Na5 25. Nd4 Nxc4 26. bxc4 Bb7 27. c5 Bxg2 28. Kxg2 Rfc8 29. c6 a5 30. Ra1 Bc5 31. Rxa5 Bxd4 32. Kf3 0-1

[Event "Navarra-chT Preferente 9798"]
[Site "Navarra"]
[Date "1997.??.??"]
[Round "3"]
[White "Carasusan Izcue, Santiago"]
[Black "Juanco Elizari, Felix Javier"]
[Result "1-0"]
[WhiteElo "2260"]
[BlackElo "1900"]
[PlyCount "71"]
[EventDate "1997.??.??"]
[EventType "team"]
[EventRounds "6"]
[EventCountry "ESP"]
[SourceTitle "EXT 2003"]
[Source "ChessBase"]
[SourceDate "2002.11.25"]
[SourceVersion "1"]
[SourceVersionDate "2002.11.25"]
[SourceQuality "1"]

1. d4 Nf6 2. c4 e6 3. Nc3 Bb4 4. e3 c5 5. a3 Bxc3+ 6. bxc3 d6 7. Bd3 e5 8. f3 Nc6 9. d5 Ne7 10. Ne2 0-0 11. e4 h6 12. g4 Nh7 13. Be3 Kh8 14. h4 Ng8 15. Ng3 g6 16. Qd2 Kg7 17. Qg2 Bd7 18. Kd2 Qe7 19. Rag1 f6 20. Rh3 Kf7 21. Nf5 gxf5 22. gxf5 Ke8 23. Rg3 Ng5 24. hxg5 fxg5 25. f4 exf4 26. Bxf4 Nf6 27. Bxd6 Qxd6 28. e5 Qb6 29. Rb1 Qa6 30. exf6 Rxf6 31. Re3+ Kf8 32. Re6 Rxe6 33. fxe6 Be8 34. Qf2+ Ke7 35. Qxc5+ Qd6 36. Rxb7+ 1-0